00000000nam 2200000zi 4500
0019.932043
003CaOODSP
00520241120150148
006m     o  d f      
007cr |n|||||||||
008231229e19690415qucdab  ob   f|0| 0 fre d
040 |aCaOODSP|bfre|erda|cCaOODSP
043 |an-cn-qu
0861 |aCW66-1496/1969F-PDF
1001 |aCantin, Michel, |d1952- |eauteur.
24510|aÉtudes sur la disponibilité de nourriture pour le jeune canard au Lac St-Pierre : |brapport final / |cpréparé par Michel Cantin.
264 1|a[Sainte-Foy, Québec] : |bService canadien de la faune, |cle 15 avril 1969.
300 |a1 ressource en ligne (46, [1] pages) : |bcartes, graphiques, illustrations
336 |atexte|btxt|2rdacontent/fre
337 |ainformatique|bc|2rdamedia/fre
338 |aressource en ligne|bcr|2rdacarrier/fre
500 |aÉdition numérisée de l’imprimé [par Environnement et changement climatique Canada].
504 |aComprend des références bibliographiques (pages 45-46).
650 6|aCanards|xAlimentation|zQuébec (Province)|zSaint-Pierre, Lac.
650 0|aDucks|xFood|zQuébec (Province)|zSaint Peter, Lake.
7102 |aService canadien de la faune, |eorganisme de publication.
85640|qPDF|s1.34 Mo|uhttps://publications.gc.ca/collections/collection_2024/eccc/cw66/CW66-1496-1969-fra.pdf